Statistics for Primetime Emmy Award for Outstanding Drama Series

Click here to take the quiz!

General Stats

  • This quiz has been taken 42 times
  • The average score is 10 of 35

Answer Stats

Answer% Correct
Breaking Bad
86%
Game of Thrones
86%
The Sopranos
86%
Mad Men
69%
Law & Order
61%
Succession
61%
ER
56%
Lost
53%
The West Wing
50%
Homeland
47%
NYPD Blue
42%
The Crown
42%
Hill Street Blues
39%
24
33%
L.A. Law
33%
The Practice
25%
The Handmaid's Tale
22%
Cagney & Lacey
19%
Northern Exposure
19%
Picket Fences
19%
The Rockford Files
14%
Thirtysomething
14%
The Waltons
11%
Upstairs, Downstairs
11%
Lou Grant
8%
Marcus Welby, M.D.
6%
Elizabeth R
3%
Police Story
3%
The Bold Ones : The Senator
3%
The Defenders
3%
The Fugitive
3%
Hallmark Hall of Fame
0%
Mission: Impossible
0%
NET Playhouse
0%
Playhouse 90
0%

Score Distribution

Percentile by Number Answered

Percent of People with Each Score

Your Score History

You have not taken this quiz